Basil Dishes - Sudden Death - Statistics

General Stats
  • This quiz has been taken 51 times
  • The average score is 5 of 16
Answers on the Grid
Answers color-coded by a green-red scale on the quiz's grid according to % correct below.
Pesto rigatoni
Pizza Margherita
Soupe au pistou
Moules à la provençale
Salade niçoise
Pan bagnat
Ravioli di ricotta alla marinara
Gnocchi alla Sorrentina
Caprese salad
Panzanella
Spaghetti alla Nerano
Baccalà alla Napoletana
Nigerian pepper soup
Phở
Khanom chin nam ya
Pad kaprao / Pad kaprow
Cacio e pepe
Caesar salad
Hachis Parmentier
Shirazi salad
Risotto alla milanese
Spaghetti alle vongole
Fårikål
Moambe chicken
Tokneneng / Kwek kwek
Salade alsacienne
Moules marinières
Wiener schnitzel
 
Answer Stats
Answer % Correct
Pizza Margherita
68%
Pesto rigatoni
61%
Caprese salad
46%
Phở
39%
Ravioli di ricotta alla marinara
36%
Spaghetti alla Nerano
36%
Panzanella
29%
Soupe au pistou
25%
Moules à la provençale
21%
Pad kaprao / Pad kaprow
21%
Gnocchi alla Sorrentina
18%
Pan bagnat
18%
Salade niçoise
18%
Khanom chin nam ya
14%
Baccalà alla Napoletana
11%
Nigerian pepper soup
11%
No matching quizzes found
Score Distribution
Percent of People with Each Score
Percentile by Number Answered
Your Score History
You have not taken this quiz